Disney de A à Z - Statistiques

Statistiques générales
  • Ce quiz a été pris 253 fois
  • Le résultat moyen est 7 sur 25
Statistiques - réponses
lettres personnage % Correct
A Aladdin
78%
C Cendrillon
72%
B Blanche neige
60%
D Dumbo
48%
M Mulan
40%
S Simba
37%
H Hercule
33%
K Kuzco
32%
U Ursula
31%
Q Quasimodo
29%
V Vaiana
28%
T Tiana
27%
N Nemo
24%
G Gaston
20%
Y Yzma
20%
E Esmeralda
19%
O Olaf
17%
W Winnie l'ourson
12%
J Jane
10%
P Polochon
10%
R Raya
8%
L Lumière
7%
Z Zazou
7%
F Fourchette
2%
I Imelda
2%
Aucun quiz correspondant
Distribution des résultats
% des personnes avec chaque résultat
Percentile par nombre de réponses
Votre historique - résultats
Vous n’avez pas pris ce quiz